| 000 | 00926nam a22002657a 4500 | ||
|---|---|---|---|
| 005 | 20170123162347.0 | ||
| 010 | _aA-526286 | ||
| 020 | _c100.00 | ||
| 035 | _aA-526286 | ||
| 037 | _bCen Lib/Ret | ||
| 040 |
_aDPL _bUR |
||
| 082 |
_a921 _bق ا س |
||
| 100 |
_aقاسمی، عطا الرحمان _9127288 |
||
| 245 |
_aالواح الصنا دید / _cعطا الرحمان قاسمی |
||
| 246 |
_aAlwah sinadiyat / _bby Ata-Ur-Rahman Qasmi |
||
| 260 |
_aدہلی _bمولانا آزاد اکادمی _c1991 |
||
| 270 |
_bدہلی _e110006 _a١٩٣، بازار مطہ محل ، جامہ مسجد |
||
| 300 |
_a254p. _c21cm(Hb) |
||
| 500 | _aکتابیات | ||
| 650 |
_aادب -- اردو _9134637 |
||
| 650 |
_aسوانح حیات - اردو شاعر _9134638 |
||
| 650 |
_aLiterature -- Urdu _9134639 |
||
| 650 |
_aBiography -- Urdu Poet _9134640 |
||
| 942 |
_2ddc _cUR _h921 _mق ا س |
||
| 999 |
_c108999 _d108999 |
||